| 000 | 00584cam a22001814a 4500 | ||
|---|---|---|---|
| 005 | 20251004083521.0 | ||
| 020 |
_a0195674251 _cTZS 9,538.4/= |
||
| 040 |
_aMCCL _beng _eAACR 2nd rev. ed. |
||
| 082 | _a340 DEV | ||
| 100 | 1 | _aDenning, Lord | |
| 245 | 1 | 0 |
_aLandmarks in the law / _cLord Denning |
| 260 |
_aLondon : _bButterworths, _c1984. |
||
| 300 |
_axvii, 394 p. : _c21 cm. |
||
| 504 | _aIncludes bibliographical references. | ||
| 505 | 0 | _a[1] An in-depth discourse on jurisprudence 1 problems -- [2] an in-depth discourse on jurisprudence 2 problems. | |
| 650 | 0 | _aLaw | |
| 942 | _cBK | ||
| 999 |
_c11786 _d11786 |
||